| 000 | 00571nam a22001817a 4500 | ||
|---|---|---|---|
| 999 |
_c186853 _d186853 |
||
| 005 | 20220321150355.0 | ||
| 010 | _aENG-132047 | ||
| 020 |
_a9788193216873 _c160.00 |
||
| 035 | _aEN-115579 | ||
| 037 | _bDBAD | ||
| 082 | _a649.7 | ||
| 100 | _aRaju, C.S. | ||
| 245 |
_aParenting Teenage Children/ _cC.S. Raju |
||
| 260 |
_aChennai _bUnique Media Integrators _c2016 |
||
| 270 |
_a#8, 6th Cross, 8th Main Road, Vaishnavi Nagar, Thirumullaivoyal _bChennai _e600109 _mcoralbooks2016@gmail.com |
||
| 300 |
_a200p _c22cm(pbk) |
||
| 942 |
_2ddc _cEN _h649.7 _mRAJ |
||